Vegetative propogation in abiu (Pouteria caimito) (Record no. 291984)
[ view plain ]
| 000 -LEADER | |
|---|---|
| fixed length control field | 00591nam a22001937a 4500 |
| 082 ## - DEWEY DECIMAL CLASSIFICATION NUMBER | |
| Classification number | 634.1 |
| Item number | REH/VE PG |
| 100 ## - MAIN ENTRY--PERSONAL NAME | |
| Personal name | Rehna Salim |
| 245 ## - TITLE STATEMENT | |
| Title | Vegetative propogation in abiu (Pouteria caimito) |
| 260 ## - PUBLICATION, DISTRIBUTION, ETC. (IMPRINT) | |
| Place of publication, distribution, etc | Vellanikkara |
| Name of publisher, distributor, etc | Department of Fruit Science, College of Agriculture |
| Date of publication, distribution, etc | 2025 |
| 300 ## - PHYSICAL DESCRIPTION | |
| Extent | 56, xvii p. |
| 502 ## - DISSERTATION NOTE | |
| Dissertation note | MSc. |
| 650 ## - SUBJECT ADDED ENTRY--TOPICAL TERM | |
| Topical term or geographic name as entry element | Fruit Science |
| 650 ## - SUBJECT ADDED ENTRY--TOPICAL TERM | |
| Topical term or geographic name as entry element | Agriculture |
| 650 ## - SUBJECT ADDED ENTRY--TOPICAL TERM | |
| Topical term or geographic name as entry element | Vegetative propogation |
| 650 ## - SUBJECT ADDED ENTRY--TOPICAL TERM | |
| Topical term or geographic name as entry element | Abiu (Pouteria caimito) |
| 700 ## - ADDED ENTRY--PERSONAL NAME | |
| Personal name | Jyothi Bhaskar (Guide) |
| 856 ## - ELECTRONIC LOCATION AND ACCESS | |
| Uniform Resource Identifier | https://krishikosh.egranth.ac.in/handle/1/5810227260 |
| 942 ## - ADDED ENTRY ELEMENTS (KOHA) | |
| Source of classification or shelving scheme | Dewey Decimal Classification |
| Item type | Theses |
| Not for loan | Collection code | Home library | Current library | Shelving location | Date acquired | Full call number | Barcode | Date last seen | Koha item type |
|---|---|---|---|---|---|---|---|---|---|
| Not For Loan | Thesis | KAU Central Library, Thrissur | KAU Central Library, Thrissur | Theses | 10/04/2025 | 634.1 REH/VE PG | 176413 | 10/04/2025 | Theses |
